La poesía inglesa del siglo XX
Guardat en:
| Autor principal: | |
|---|---|
| Format: | Llibre |
| Idioma: | espanyol |
| Publicat: |
Barcelona
Planeta
1973
|
| Col·lecció: | Ensayos de Linguística y Crítica Literaria
|
| Matèries: | |
| Etiquetes: |
Afegir etiqueta
Sense etiquetes, Sigues el primer a etiquetar aquest registre!
|
MARC
| LEADER | 00000nam a2200000 a 4500 | ||
|---|---|---|---|
| 001 | UCZ1649 | ||
| 003 | CL-VaPUC | ||
| 008 | 950831e19730000SP |||||||||||||||||spa|d | ||
| 082 | 0 | 4 | |a 821.09 |b PUJ |2 21 |
| 100 | 0 | |a Pujals, Esteban |e author |9 345276 | |
| 245 | 1 | 3 | |a La poesía inglesa del siglo XX |
| 300 | |a 254 p | ||
| 942 | |c BK | ||
| 945 | |d 19950831 00:00:00 |a rbrito | ||
| 260 | |a Barcelona |b Planeta |c 1973 | ||
| 650 | 0 | |a Poesía inglesa |9 264944 | |
| 650 | 0 | |a Crítica literaria |9 269189 | |
| 650 | 7 | |a LITERATURA INGLESA SIGLO 20 |2 CL-VaPUC |9 345277 | |
| 650 | 0 | |a Poetas ingleses |9 345278 | |
| 583 | |a last modification |c 20160830 12:15:32 |k Rodrigo Vera | ||
| 490 | 0 | |a Ensayos de Linguística y Crítica Literaria | |
| 999 | |c 238368 |d 238366 | ||
| 952 | |0 0 |1 0 |4 0 |6 821_090000000000000_PUJ_1973 |7 0 |8 A |9 248527 |a BIBEDU |b BIBEDU |d 2019-11-18 |i 3106837 |o 821.09 PUJ 1973 |p 3106837 |r 2019-11-18 |w 2019-11-18 |y BK |k LIT | ||
| 952 | |0 0 |1 0 |4 0 |6 821_090000000000000_PUJ_1973 |7 0 |8 A |9 248528 |a BIBEDU |b BIBEDU |d 2019-11-18 |i 1425102 |o 821.09 PUJ 1973 |p 1425102 |r 2019-11-18 |w 2019-11-18 |y BK |k LIT | ||